000
00325nam a22001457a 4500
020
_a
978-0070701236
041
_a
ENG
100
_a
Bailey.J.E
245
_a
Biochemical Engineering Fundamntals
250
_a
Second Ed
260
_a
Delhi
_b
McGraw -Hill
_c
1986
300
_a
984
650
_a
APE
856
_u
APE ( 10 )
999
_c
1771
_d
1771